| 000 | 00490nam a2200157 4500 | ||
|---|---|---|---|
| 082 | _aBESE-2 SAB | ||
| 100 | _aABDUL SABOOR | ||
| 245 | _aCITY INFORMER THE LOCAL ROADS INFORMATION HUB | ||
| 260 |
_aISLAMABAD _bNUST-SEECS _c2015 |
||
| 300 |
_a45p. _eCD INCLUDES |
||
| 563 | _aa | ||
| 856 | _uhttp://10.250.8.41:8080/xmlui/handle/123456789/6819 | ||
| 942 |
_2ddc _cTHE |
||
| 999 |
_c173231 _d173231 |
||